000 00588cam a2200217 a 4500
001 2386589
005 20180131073543.0
008 850619s1985 ncua b 001 0 eng
010 _a 85013161
020 _a0822304546 (alk. paper)
040 _aDLC
_cDLC
_dDLC
041 _aeng
080 _a339 BRA
082 0 0 _a339 BRA
_219
100 1 _a52
101 _aECO
245 1 0 _aRational commitment :
_cBrendan O'Flaherty.
504 _aBibliography: p. [219]-226.
906 _a7
_bcbc
_corignew
_d1
_eocip
_f19
_gy-gencatlg
942 _2ddc
_cBK
999 _c41382
_d41382